| 000 | 00516nmm a2200169Ia 4500 | ||
|---|---|---|---|
| 008 | 251105s9999||||xx |||||||||||||||||und|| | ||
| 020 | _a0916379523 | ||
| 041 | _aeng | ||
| 100 | _aUllman, Pierre L. | ||
| 245 | 2 | _aA Contrapuntual Method For Analyzing Spanish Literature | |
| 264 |
_a[Washington, Estados Unidos] : _bScripta Humanistica, _c1998 |
||
| 300 | _a260 páginas | ||
| 490 | _aLiterary Criticism | ||
| 650 | _aSpanish literature | ||
| 856 | _uhttps://public.digitaliapublishing.com/a/181 | ||
| 942 | _cCF | ||
| 999 |
_c72933 _d72933 |
||